zpět

Detail výsledku týmu

Pivovarský Dvůr PO, Liberec

Datum a čas kvízu

34 Celkem bodů Celkový počet nahraných bodů na tomto kvízu bez doplňovacích otázek.
6. Pořadí na kvízu Konečné umístění týmu na tomto kvízu.

Zaznamenané odpovědi

# Otázka Odpověď Body Výsledky
1. Minulý týden se v Praze konal... Globsec 0
2. Hongkongské ministerstvo škols... C) badmintonu 0
3. Která zahraniční kapela minulý... Oasis 1
4. Česká pošta oznámila, že od ří... Balíkovna 1
5. Česká atletka Lurdes Gloria Ma... běh na 400 m 1
6. Téma začneme stavbou, které mn... v roce 1985 0
7. Žebříčků hodnotících nejoškliv... v Severní Koreji (KLDR) 1
8. Nyní se ptáme na evropského vů... Nicolae Ceaușescu, Rumunsko 1
9. I Slovensko má svého zástupce... Martina Šimkovičová 0
10. V této londýnské budově sídlí... MI6 1